Analysis of the development of mortgage and real estate market and its determinants in Slovakia

Vývojové indikátory bankového sektoru v hypotékach. Determinanty hypotekárneho a realitného trhu. Vývoj cien realít.

Salvato in:
Dettagli Bibliografici
Autore principale: Kelemenová, Monika
Natura: Capitolo di libro
Lingua:inglese
Soggetti:
Tags: Aggiungi Tag
Nessun Tag, puoi essere il primo ad aggiungerne!!

MARC

LEADER 00000nla a2200000 4500
001 0161913
005 20240502072816.3
041 0 |a eng 
044 |a SK 
245 1 0 |a Analysis of the development of mortgage and real estate market and its determinants in Slovakia  |c Monika Kelemenová 
520 |a Vývojové indikátory bankového sektoru v hypotékach. Determinanty hypotekárneho a realitného trhu. Vývoj cien realít. 
610 2 0 |a trh hypotekárny 
610 2 0 |a banky 
610 2 0 |a bankovníctvo hypotekárne 
610 2 0 |a trh realitný 
610 2 0 |a cena nehnuteľností 
610 2 0 |a hypotéky 
100 1 |a Kelemenová, Monika